000 01188nam a2200349Ic 4500
001 58754
003 CO-BoRNBP
005 20250827221155.0
007 ta
008 170503s2007 sp a g 000 j spa
020 _a9788434856844
040 _aCO-BoRNBP
_bspa
_erda
_cCO-BoRNBP
041 _aspa
084 _aC
100 1 _aDahl, Roald
_d1916-1990
_eaut
245 1 3 _aEl vicario que hablaba al revés /
_cRoald Dahl ; traducción del inglés Paz Barroso ; cubierta e ilustraciones Quentin Blake.
250 _aDécima novena edición
264 1 _aMadird, España :
_bS. M,
_c2007
300 _a42 páginas :
_bilustraciones
336 _atexto
_btxt
_2rdacontent
337 _asin mediación
_bn
_2rdamedia
338 _avolumen
_bnc
_2rdacarrier
490 0 _aEl barco de vapor : azul
586 _aPremio hans chistian andersen de ilustracion, 2002
650 0 4 _aCuentos infantiles ingleses
_ySiglo XX
_2LEMB
_9741
650 0 7 _aHumorismo
_vCuentos infantil
_2lemb
_963937
650 0 4 _aLiteratura infantil inglesa
_ySiglo XX
_2LEMB
_9701
655 _aCuentos infantil
_963663
700 _aBarroso, Paz
_etrl
_960417
700 _aBlake, Quentin
_eill
942 _2loc
_cBKINF
999 _c58754
_d58754